2000s Movies - Statistics

General Stats
  • This quiz has been taken 214 times
    207 since last reset
  • The average score is 3 of 10
Answer Stats
Hint Answer % Correct
She's sixteen, and she wants to get rid of her baby she's about to have. Juno
78%
Tagline: "Cultural Learnings of America for Make Benefit Glorious Nation of Kazakhstan" Borat
60%
Actually, Bob went to Tokyo to shoot a Whisky promo. Lost in Translation
32%
The young hero learns the truth about his godfather, an escaped prisoner. Harry Potter and the Prisoner of Azkaban
26%
After his wife dies, Walt gets out of his house and becomes friends with Laotian immigrants. Gran Torino
24%
Ryan wants to be the first one to earn ten million frequent flyer miles. Up in the Air
20%
28 days, 6 hours, 42 minutes, 12 seconds, that is when the world will end. Donnie Darko
18%
The protagonist has the same name as the writer of the movie, as well as the same profession. And he's supposed to write a screenplay for "The Orchid Thief". Adaptation.
14%
This Taiwanese Wuxia film won 4 Oscars Crouching Tiger, Hidden Dragon
13%
The protagonist must fight a crime boss and his own teacher in order to become a real hero and save his town. Batman Begins
9%
No matching quizzes found
Score Distribution
Percent of People with Each Score
Percentile by Number Answered
Your Score History
You have not taken this quiz since the last reset